[Event "EU-ch Seniors 65 16th"]
[Site "Yerevan"]
[Date "2016.06.09"]
[Round "5"]
[White "Julhakyan, Vania"]
[Black "Hoose, Hannelore"]
[Result "1-0"]
[WhiteElo "1730"]
[BlackElo "1746"]
[PlyCount "44"]
[EventDate "2016.06.05"]
[EventType "swiss"]
[EventRounds "9"]
[EventCountry "ARM"]
[SourceTitle "CBM 172 Extra"]
[Source "ChessBase"]
[SourceDate "2016.06.21"]
[SourceVersion "1"]
[SourceVersionDate "2016.06.21"]
[SourceQuality "1"]

1. Nf3 d5 2. b3 Nf6 3. Bb2 b6 4. e3 Bb7 5. Be2 e6 6. 0-0 Be7 7. d3 0-0 8. Nbd2 Nbd7 9. h3 Ne8 10. Re1 Bf6 11. d4 Nd6 12. c3 Re8 13. c4 c5 14. Rb1 cxd4 15. exd4 Rc8 16. Bd3 Nf8 17. Rc1 g6 18. Ba3 dxc4 19. bxc4 Nf5 20. Be4 Rc7 21. Bxb7 Rxb7 22. Ne4 Rd7 1-0

[Event "EU-ch Seniors 65 16th"]
[Site "Yerevan"]
[Date "2016.06.06"]
[Round "2"]
[White "Julhakyan, Vania"]
[Black "Kopasov, Evgeny Aleksandrovi"]
[Result "0-1"]
[WhiteElo "1730"]
[BlackElo "1964"]
[PlyCount "134"]
[EventDate "2016.06.05"]
[EventType "swiss"]
[EventRounds "9"]
[EventCountry "ARM"]
[SourceTitle "CBM 172 Extra"]
[Source "ChessBase"]
[SourceDate "2016.06.21"]
[SourceVersion "1"]
[SourceVersionDate "2016.06.21"]
[SourceQuality "1"]

1. d4 d5 2. Nf3 Nf6 3. Bf4 c5 4. e3 Nc6 5. c3 Qb6 6. Qc1 Bf5 7. Nbd2 e6 8. h3 h6 9. Be2 Be7 10. 0-0 0-0 11. b3 Rfc8 12. Qb2 a5 13. a3 c4 14. g4 Bh7 15. Rfc1 a4 16. b4 Na5 17. Re1 Nb3 18. Rad1 Bd6 19. Bxd6 Qxd6 20. Bf1 b5 21. Bg2 Rf8 22. Ne5 Nxd2 23. Qxd2 Ne4 24. Qc1 f6 25. Nf3 f5 26. Nd2 Nxf2 27. Kxf2 fxg4+ 28. Kg1 gxh3 29. Re2 hxg2 30. Rxg2 Bd3 31. Re1 Ra7 32. Qd1 Raf7 33. Qg4 Bf5 34. Qh4 Kh8 35. Kh1 Be4 36. Nxe4 Rf1+ 37. Rxf1 Rxf1+ 38. Rg1 Rxg1+ 39. Kxg1 dxe4 40. Qxe4 Qd5 41. Qg6 Qf5 42. Qe8+ Kh7 43. Qc6 Qd5 44. Qc5 Qf3 45. Qe5 Qd5 46. Qf4 Qf5 47. Qd6 h5 48. Qc5 h4 49. e4 Qg4+ 50. Kf2 h3 51. Qe5 g5 52. d5 Qg2+ 53. Ke3 h2 54. Qxe6 Qg3+ 55. Ke2 Qg2+ 56. Ke3 Qg3+ 57. Ke2 Qf4 58. Qh3+ Kg7 59. Qd7+ Kg6 60. Qe8+ Qf7 61. Qh8 Qh7 62. Qe8+ Kh6 63. Qf8+ Kh5 64. Qf3+ g4 65. Qg2 Kg5 66. Qh1 Qh3 67. Qc1+ Kg6 0-1